000 00829nam a2200205Ia 4500
999 _c46508
_d46508
001 13347
003 GE_BSU
005 20240909153052.0
008 181216s2014||||ru |||||||||||||| ||rus||
040 _cGE_BSU
050 _a9785020365698
080 _a1(091) И-97
245 _aИшрак. Ежегодник исламской философии №5. 2014 = Ishraq. Islamic Philosophy yearbook.
264 _aМосква :
_bнаука-восточная лит-ра,
_c2014.
300 _a483 стр. ;
_c22 см.
653 _aИшрак
653 _aЕжегодник исламской философии
710 _aРоссийская АН ин-т философии, Иранский ин-т философии. Фонд исследовании исламской культуры
_923193
942 _cBK
_2udc